Wszystkie skiny do Glocka-18 w CS:GO - Statystyki

Ogólne statystyki
  • Ten quiz został rozwiązany 44 razy
    40 od ostatniego zresetowania
  • Średni wynik to 10 z 34
Statystyki odpowiedzi
Rodzaj (Kolor) Skin % Poprawnych
Fioletowy Fade
67%
Czerwony Neo-Noir
59%
Różowy Water Elemental
56%
Czerwony Wasteland Rebel
52%
Czerwony Bullet Queen
48%
Niebieski Candy Apple
44%
Niebieski Catacombs
41%
Niebieski Night
41%
Fioletowy Weasel
41%
Fioletowy Moonrise
37%
Różowy Vogue
37%
Niebieski Oxide Blaze
33%
Fioletowy Dragon Tattoo
30%
Niebieski Bunsen Burner
26%
Fioletowy Franklin
26%
Niebieski Ironwork
26%
Fioletowy Nuclear Garden
26%
Niebieski Off World
26%
Niebieski Wraiths
26%
Fioletowy Brass
22%
Niebieski Clear Polymer
22%
Niebieski Death Rattle
22%
Fioletowy Grinder
22%
Niebieski High Beam
22%
Niebieski Reactor
22%
Niebieski Blue Fissure
19%
Różowy Twilight Galaxy
19%
Niebieski Groundwater
15%
Fioletowy Royal Legion
15%
Niebieski Sacrifice
15%
Niebieski Sand Dune
15%
Fioletowy Steel Disruption
15%
Fioletowy Synth Leaf
15%
Niebieski Warhawk
15%
Nie znaleziono quizów pasujących do podanych kryteriów
Rozkład punktacji
Procent ludzi z każdym wynikiem
Percentyl według liczby udzielonych odpowiedzi
Twoja historia wyników
Nie rozwiązałeś tego quizu od ostatniego zresetowania